Statistics for Most Important Political Leaders in History

Click here to take the quiz!

General Stats

  • This quiz has been taken 145 times
  • The average score is 8 of 10

Answer Stats

Answer% Correct
Adolf Hitler
99%
Mahatma Gandhi/Mohandas Ghandi
99%
Vladimir Lenin
98%
Joseph Stalin
95%
Mao Zedong/Mao Tse-sung
94%
Victoria
93%
Che Guevara
87%
Alexander of Macedon/Alex the great/Alexander the great
85%
Franklin Roosevelt
69%
King George the third
16%

Score Distribution

Percentile by Number Answered

Percent of People with Each Score

Your Score History

You have not taken this quiz